Management der Hochleistungsorganisation

Guardado en:
Detalles Bibliográficos
Otros Autores: Little, Arthur D.
Formato: Libro
Lenguaje:alemán
Publicado: Wiesbaden Gabler 1990
Edición:1. Aufl.
Materias:
Etiquetas: Agregar Etiqueta
Sin Etiquetas, Sea el primero en etiquetar este registro!

MARC

LEADER 00000nam a2200000 4500
001 c000120
005 20221215125407.1
020 |a 3-409-19663-3 
041 0 |a ger 
044 |a DE 
245 1 0 |a Management der Hochleistungsorganisation  |c Edit. Arthur D. Little 
250 |a 1. Aufl. 
264 1 |a Wiesbaden  |b Gabler  |c 1990 
300 |a 163 s. 
610 2 0 |a manažment 
610 2 0 |a štruktúra organizačná 
610 2 0 |a výkonnosť 
610 2 0 |a zákazníci 
610 2 0 |a ekológia 
610 2 0 |a služby 
610 2 0 |a prostredie pracovné 
610 2 0 |a riadenie 
610 2 0 |a projekty 
610 2 0 |a výsledok hospodársky 
700 1 |a Little, Arthur D.